000 01359nam a2200409 i 4500
001 14288
003 KOSZ 005
005 20191014082805.0
008 190622s1972 pl a f 000 0 pol
015 _aPB 1972/2921
035 _a991035103249705066
035 _a(PL-WaBN)b19440765-48omnis_nlop
035 _ab19440765
035 _a(OCoLC)749728127
035 _a(PL)b0000001944076
035 _a(EXLNZ-48OMNIS_NETWORK)9910084562705606
040 _aWA N
_cWA N
_dKOSZ 005/RW
046 _k1972
080 _a624:691
100 1 _aDowgird, Roman
_d(1902-1985)
_eAutor
245 1 0 _aPrefabrykowane żelbetowe konstrukcje szkieletowe /
_cRoman Dowgird.
260 _aWarszawa :
_b"Arkady",
_c1972.
300 _a265, [3] stron :
_bilustracje ;
_c25 cm.
336 _aTekst
_btxt
_2rdacontent
337 _aBez urządzenia pośredniczącego
_bn
_2rdamedia
338 _aWolumin
_bnc
_2rdacarrier
380 _aKsiążki
388 _a1901-2000
504 _aBibliografia na stronach 261-[266].
658 _aArchitektura i budownictwo
650 7 _aPrefabrykaty
_2DBN
650 7 _aKonstrukcje żelbetowe
_2DBN
710 2 _aWydawnictwo Arkady
_4pbl
856 _uhttp://koha.tu.koszalin.pl/cgi-bin/koha/opac-detail.pl?biblionumber=14288
_yKatalog online BPK
942 _2UKD
_cKS
999 _c14288
_d14288